[Event "TCh-FRA Top 12 2016"]
[Site "Drancy FRA"]
[Date "2016.06.01"]
[Round "5.5"]
[Board "1"]
[White "Navara, David"]
[Black "Edouard, Romain"]
[Result "1/2-1/2"]
[WhiteTitle "GM"]
[BlackTitle "GM"]
[WhiteElo "2735"]
[BlackElo "2641"]
[WhiteTeam "MULHOUSE Philidor"]
[BlackTeam "BISCHWILLER"]
[WhiteFideId "309095"]
[BlackFideId "633429"]
[EventDate "2016.05.28"]

1. e4 c5 2. Nf3 d6 3. d4 cxd4 4. Nxd4 Nf6 5. Nc3 g6 6. Be3 Bg7 7. f3 Nc6 8. Qd2
O-O 9. O-O-O d5 10. Qe1 e5 11. Nxc6 bxc6 12. exd5 Nxd5 13. Bc4 Be6 14. Kb1 Re8
15. h4 Qc7 16. Nxd5 cxd5 17. Bxd5 Bxd5 18. Rxd5 e4 19. fxe4 Rxe4 20. Qd2 Bxb2
21. Kxb2 Qb7+ 22. Ka1 Rxe3 23. h5 Qe7 24. h6 Re8 25. Rd1 Qf6+ 26. Qd4 Qxd4+ 27.
R5xd4 Re2 28. R4d2 Kf8 29. c4 Rxd2 30. Rxd2 Re4 31. c5 Rc4 32. Rd5 Ke7 33. Kb2
Ke6 34. Rd6+ Ke7 35. Rd5 Ke6 36. Rd6+ Ke7 37. Rc6 Kd7 38. Kb3 Kxc6 39. Kxc4 f5
40. g3 g5 41. Kd4 f4 42. gxf4 gxf4 43. Ke4 Kxc5 44. Kxf4 Kd4 45. Kf5 Kd5 46. Kf6
Kd6 47. Kf7 Kd7 48. a3 a6 49. a4 a5 50. Kg7 Ke7 51. Kh8 Kf8 52. Kxh7 Kf7 53. Kh8
Kf8 54. h7 Kf7 1/2-1/2

[Event "TCh-FRA Top 12 2016"]
[Site "Drancy FRA"]
[Date "2016.06.01"]
[Round "5.5"]
[Board "2"]
[White "Rodshtein, Maxim"]
[Black "Heimann, Andreas"]
[Result "1-0"]
[WhiteTitle "GM"]
[BlackTitle "IM"]
[WhiteElo "2689"]
[BlackElo "2578"]
[WhiteTeam "BISCHWILLER"]
[BlackTeam "MULHOUSE Philidor"]
[WhiteFideId "2806851"]
[BlackFideId "24624632"]
[EventDate "2016.05.28"]

1. d4 Nf6 2. c4 e6 3. Nf3 b6 4. g3 Bb4+ 5. Bd2 Be7 6. Nc3 Bb7 7. Bg2 c6 8. O-O
O-O 9. Qa4 d5 10. Rfd1 Nbd7 11. Bg5 a6 12. Qb3 dxc4 13. Qxc4 b5 14. Qd3 c5 15.
dxc5 Nxc5 16. Qe3 Qb6 17. b4 Na4 18. Nxa4 Qxe3 19. Bxe3 bxa4 20. a3 Rfc8 21. Ne5
Bxg2 22. Kxg2 Nd5 23. Bd4 f6 24. Nd7 Rd8 25. Nb6 Nxb6 26. Bxb6 Rxd1 27. Rxd1 Rc8
28. Rd7 Kf8 29. Ra7 Rc3 30. Bd4 Rc4 31. Be3 Rc3 32. Bd4 Rc4 33. Bc5 Bxc5 34.
bxc5 Rc3 35. Rxa6 Rxa3 36. Rxe6 Rc3 37. Ra6 Rxc5 38. Rxa4 Kf7 39. Ra7+ Kg6 40.
Re7 f5 41. Re6+ Kf7 42. Rd6 h5 43. h4 Rc4 44. Kf3 Re4 45. Ra6 g6 46. Ra2 Kf6 47.
Kg2 Rb4 48. f3 Rb3 49. Kf2 Rc3 50. Ra6+ Kf7 51. Rd6 Ra3 52. Rd3 Ra2 53. Ke3 Kf6
54. Rd6+ Kf7 55. Rd2 Ra4 56. Rc2 Kf6 57. Rc6+ Kf7 58. Kd3 Rb4 59. e4 fxe4+ 60.
fxe4 Ra4 61. Ke3 Ra3+ 62. Kf4 Rb3 63. Rc4 Ke6 64. Ra4 Rc3 65. Ra1 Rb3 66. Rf1
Kf6 67. Rf3 Rb1 68. Rc3 Rf1+ 69. Ke3 Re1+ 70. Kf4 Rf1+ 71. Rf3 Re1 72. Rf2 Ra1
73. e5+ Kg7 74. Re2 Rf1+ 75. Ke4 Kf7 76. Re3 Ra1 77. Rf3+ Kg7 78. Rc3 Kf7 79.
Rc7+ Ke6 80. Rc6+ Kf7 81. Rf6+ Kg7 82. Rd6 Kf7 83. Rd4 Ra3 84. Kf4 Ke6 85. Re4
Rc3 86. g4 hxg4 87. Kxg4 Rc5 88. Kg5 Kf7 89. Kh6 Rc8 90. Kh7 Rc7 91. Rf4+ Ke6+
92. Kxg6 Rc8 93. Re4 Rg8+ 94. Kh7 Rg3 95. h5 Kf7 96. h6 Rg5 97. Rf4+ Ke7 98. Rf6
Rg1 99. Rg6 Rf1 100. e6 Kf8 101. Rg7 Rf6 102. Rg8+ Ke7 103. Rg6 1-0

[Event "TCh-FRA Top 12 2016"]
[Site "Drancy FRA"]
[Date "2016.06.01"]
[Round "5.5"]
[Board "3"]
[White "Bluebaum, Matthias"]
[Black "Naiditsch, Arkadij"]
[Result "0-1"]
[WhiteTitle "GM"]
[BlackTitle "GM"]
[WhiteElo "2633"]
[BlackElo "2663"]
[WhiteTeam "MULHOUSE Philidor"]
[BlackTeam "BISCHWILLER"]
[WhiteFideId "24651516"]
[BlackFideId "4650891"]
[EventDate "2016.05.28"]

1. d4 d5 2. c4 dxc4 3. e4 Nc6 4. Nf3 Nf6 5. Nc3 Bg4 6. d5 Ne5 7. Bf4 Nfd7 8.
Bxe5 Nxe5 9. Bxc4 Nxc4 10. Qa4+ c6 11. Qxc4 cxd5 12. Qb5+ Bd7 13. Qxb7 Qb8 14.
Qxd5 e6 15. Qd2 Be7 16. O-O Bc6 17. Nd4 Bb7 18. Nb3 a5 19. Qe3 O-O 20. Rfd1 a4
21. Nc5 Bc6 22. b3 axb3 23. Nxb3 Rc8 24. Rac1 h6 25. Rc2 Ba4 26. Rb2 Be8 27. e5
Bg5 28. Qe1 Be7 29. Qe3 Bg5 30. Qe1 Ra7 31. Re2 Be7 32. Re3 Bb4 33. Rc1 Rac7 34.
Nd4 Bxc3 0-1

[Event "TCh-FRA Top 12 2016"]
[Site "Drancy FRA"]
[Date "2016.06.01"]
[Round "5.5"]
[Board "4"]
[White "Bacrot, Etienne"]
[Black "Sokolov, Andrei1"]
[Result "1-0"]
[WhiteTitle "GM"]
[BlackTitle "GM"]
[WhiteElo "2702"]
[BlackElo "2528"]
[WhiteTeam "BISCHWILLER"]
[BlackTeam "MULHOUSE Philidor"]
[WhiteFideId "605506"]
[BlackFideId "627089"]
[EventDate "2016.05.28"]

1. e4 c5 2. Nf3 e6 3. d4 cxd4 4. Nxd4 Nc6 5. Nc3 d6 6. g4 a6 7. Be3 h6 8. Qe2
Nxd4 9. Bxd4 e5 10. Be3 Nf6 11. Rg1 Be6 12. h4 Rc8 13. g5 hxg5 14. hxg5 Ng4 15.
Bd2 Nh2 16. Bg2 Be7 17. g6 b5 18. O-O-O Qa5 19. a3 Bc4 20. Qe3 b4 21. Nd5 Ng4
22. Qb6 Bd3 23. Qxa5 Rxc2+ 24. Kb1 Rc5+ 25. Ka1 Rxa5 26. Nxe7 Nxf2 27. Bxb4 Nxd1
28. Rxd1 Kxe7 29. Bxa5 Bc4 30. gxf7 1-0

[Event "TCh-FRA Top 12 2016"]
[Site "Drancy FRA"]
[Date "2016.06.01"]
[Round "5.5"]
[Board "5"]
[White "Istratescu, Andrei"]
[Black "Pelletier, Yannick"]
[Result "1-0"]
[WhiteTitle "GM"]
[BlackTitle "GM"]
[WhiteElo "2592"]
[BlackElo "2558"]
[WhiteTeam "MULHOUSE Philidor"]
[BlackTeam "BISCHWILLER"]
[WhiteFideId "1200372"]
[BlackFideId "1301837"]
[EventDate "2016.05.28"]

1. e4 c6 2. d4 d5 3. e5 Bf5 4. h4 a6 5. Nd2 c5 6. Nb3 c4 7. g4 Be4 8. f3 Bxc2 9.
Qxc2 cxb3 10. Qxb3 Qd7 11. h5 Nc6 12. Ne2 e6 13. Bd2 f6 14. f4 Nh6 15. Bh3 f5
16. g5 Ng8 17. Kf2 Nge7 18. Bg2 Nc8 19. Rac1 Be7 20. h6 g6 21. Rc2 O-O 22. Rhc1
N8a7 23. a3 Rfc8 24. Qd3 Nb5 25. b4 Nca7 26. a4 Rxc2 27. Rxc2 Nc7 28. Qb3 Rc8
29. Nc1 Na8 30. Rxc8+ Nxc8 31. Nd3 Nab6 32. Nb2 Na7 33. Bf1 Qc7 34. b5 axb5 35.
axb5 Nac8 36. Bd3 Kf7 37. Ke2 Bf8 38. Kd1 Na8 39. Na4 b6 40. Nc3 Qd7 41. Kc2 Nc7
42. Qa4 Be7 43. Kb3 Bf8 44. Na2 Be7 45. Be2 Bf8 46. Kb2 Be7 47. Bb4 Bxb4 48.
Nxb4 Qe8 49. Nc6 Qd7 50. Qa3 Ke8 51. Kb3 Kf7 52. Bf1 Ke8 53. Bd3 Kf7 54. Be2 Ke8
55. Na7 Kd8 56. Nxc8 1-0

[Event "TCh-FRA Top 12 2016"]
[Site "Drancy FRA"]
[Date "2016.06.01"]
[Round "5.5"]
[Board "6"]
[White "Le Roux, Jean-Pierre"]
[Black "Ider, Borya"]
[Result "1-0"]
[WhiteTitle "GM"]
[BlackTitle "IM"]
[WhiteElo "2549"]
[BlackElo "2430"]
[WhiteTeam "BISCHWILLER"]
[BlackTeam "MULHOUSE Philidor"]
[WhiteFideId "609404"]
[BlackFideId "4901134"]
[EventDate "2016.05.28"]

1. e4 e6 2. d4 d5 3. Nd2 c5 4. Ngf3 cxd4 5. Nxd4 Nf6 6. exd5 Qxd5 7. Nb5 Na6 8.
Nc3 Qd8 9. a3 Be7 10. Qf3 Nc7 11. Bd3 Ncd5 12. Nxd5 exd5 13. O-O O-O 14. Nb3 Bg4
15. Qg3 Qd7 16. Bg5 h6 17. Bxf6 Bxf6 18. c3 Rac8 19. Rfe1 d4 20. c4 Be6 21. Nd2
Bg5 22. Nf3 Bf6 23. Rac1 Rfe8 24. Qf4 Bg4 25. h3 Rxe1+ 26. Rxe1 Be6 27. b3 a5
28. a4 Kf8 29. Qe4 Rc5 30. Qh7 Ke7 31. Bf5 Kd6 32. Bxe6 fxe6 33. Qd3 Kc7 34. Nd2
Rf5 35. Ne4 Bh4 36. Re2 e5 37. Nc5 Qf7 38. Qe4 Kb6 39. Nd3 Qf6 40. g3 Rg5 41.
Nxe5 1-0

[Event "TCh-FRA Top 12 2016"]
[Site "Drancy FRA"]
[Date "2016.06.01"]
[Round "5.5"]
[Board "7"]
[White "Riff, Jean-Noel"]
[Black "Schlosser, Philipp"]
[Result "1-0"]
[WhiteTitle "GM"]
[BlackTitle "GM"]
[WhiteElo "2506"]
[BlackElo "2539"]
[WhiteTeam "MULHOUSE Philidor"]
[BlackTeam "BISCHWILLER"]
[WhiteFideId "611190"]
[BlackFideId "4600169"]
[EventDate "2016.05.28"]

1. e4 c5 2. Nf3 Nc6 3. d4 cxd4 4. Nxd4 Qb6 5. Nb3 Nf6 6. Bd3 d5 7. exd5 Nxd5 8.
O-O e6 9. c4 Nf6 10. Nc3 Be7 11. Bf4 O-O 12. Qe2 Nd4 13. Nxd4 Qxd4 14. Be5 Qc5
15. Rad1 Rd8 16. Bxf6 gxf6 17. Bxh7+ Kf8 18. Ne4 Qe5 19. Qg4 1-0

[Event "TCh-FRA Top 12 2016"]
[Site "Drancy FRA"]
[Date "2016.06.01"]
[Round "5.5"]
[Board "8"]
[White "Maisuradze, Nino"]
[Black "Choisy, Mathilde"]
[Result "1-0"]
[WhiteTitle "WGM"]
[BlackTitle "WFM"]
[WhiteElo "2239"]
[BlackElo "2181"]
[WhiteTeam "BISCHWILLER"]
[BlackTeam "MULHOUSE Philidor"]
[WhiteFideId "13601717"]
[BlackFideId "634565"]
[EventDate "2016.05.28"]

1. d4 d5 2. c4 e6 3. Nf3 Nf6 4. Bg5 c6 5. Nbd2 Nbd7 6. e3 Be7 7. Bd3 O-O 8. Qc2
Re8 9. O-O Nf8 10. Rfe1 Ng6 11. Rad1 Qc7 12. e4 Nxe4 13. Nxe4 dxe4 14. Bxe4 Bxg5
15. Nxg5 Qf4 16. Nf3 Bd7 17. Ne5 Rad8 18. Re3 f5 19. Nxd7 Rxd7 20. Bxf5 Rxd4 21.
Bxe6+ Kh8 22. Rde1 Red8 23. Bf5 Nf8 24. Bd3 Qd6 25. Be2 Qf4 26. g3 Qf7 27. Rd1
Ne6 28. b3 c5 29. Rxd4 Nxd4 30. Qe4 Rf8 31. f4 Nf5 32. Bd3 Qd7 33. g4 1-0

[Event "TCh-FRA Top 12 2016"]
[Site "Drancy FRA"]
[Date "2016.06.01"]
[Round "5.6"]
[Board "1"]
[White "Donchenko, Alexander"]
[Black "Relange, Eloi"]
[Result "1/2-1/2"]
[WhiteTitle "GM"]
[BlackTitle "GM"]
[WhiteElo "2569"]
[BlackElo "2464"]
[WhiteTeam "VANDOEUVRE Echecs"]
[BlackTeam "EVRY Grand Roque"]
[WhiteFideId "24603295"]
[BlackFideId "600822"]
[EventDate "2016.05.28"]

1. d4 f5 2. Bg5 g6 3. Nc3 Bg7 4. h4 h6 5. Bf4 Nf6 6. e3 d6 7. Bc4 e6 8. Qf3 Qe7
9. O-O-O Nc6 10. Nge2 Bd7 11. Bh2 g5 12. hxg5 1/2-1/2

[Event "TCh-FRA Top 12 2016"]
[Site "Drancy FRA"]
[Date "2016.06.01"]
[Round "5.6"]
[Board "2"]
[White "Moussard, Jules"]
[Black "Bailet, Pierre"]
[Result "1-0"]
[WhiteTitle "IM"]
[BlackTitle "IM"]
[WhiteElo "2506"]
[BlackElo "2499"]
[WhiteTeam "EVRY Grand Roque"]
[BlackTeam "VANDOEUVRE Echecs"]
[WhiteFideId "642908"]
[BlackFideId "655830"]
[EventDate "2016.05.28"]

1. Nf3 d5 2. g3 Nf6 3. Bg2 Bg4 4. O-O c6 5. h3 Bxf3 6. Bxf3 Nbd7 7. d4 e5 8. c4
dxc4 9. a4 exd4 10. Qxd4 Bc5 11. Qxc4 O-O 12. a5 Qe7 13. Qb3 Ne5 14. Bg2 Rad8
15. Nc3 h6 16. Na4 Bb4 17. Be3 a6 18. Rfc1 Bd6 19. Bb6 Bc7 20. Bc5 Bd6 21. Bxd6
Rxd6 22. Nc5 Rd2 23. Qxb7 Qxb7 24. Nxb7 Rxe2 25. f4 Nd3 26. Rxc6 Nb4 27. Rb6
Rxb2 28. Ra4 Nd3 29. Rd4 Rxb6 30. axb6 Nc1 31. Rd6 Ne2+ 32. Kh2 Nc3 33. Nc5 Nb5
34. Rd2 Rb8 35. b7 Nc7 36. g4 1-0

[Event "TCh-FRA Top 12 2016"]
[Site "Drancy FRA"]
[Date "2016.06.01"]
[Round "5.6"]
[Board "3"]
[White "Solodovnichenko, Yuri"]
[Black "Milliet, Sophie"]
[Result "1-0"]
[WhiteTitle "GM"]
[BlackTitle "IM"]
[WhiteElo "2587"]
[BlackElo "2346"]
[WhiteTeam "VANDOEUVRE Echecs"]
[BlackTeam "EVRY Grand Roque"]
[WhiteFideId "14104369"]
[BlackFideId "623725"]
[EventDate "2016.05.28"]

1. e4 c5 2. Nc3 Nc6 3. Nge2 Nd4 4. d3 g6 5. Nxd4 cxd4 6. Ne2 Bg7 7. c3 dxc3 8.
Nxc3 d6 9. Be2 Nf6 10. O-O O-O 11. d4 d5 12. e5 Ne4 13. Nb1 f6 14. f3 Ng5 15.
Nc3 Ne6 16. f4 Qb6 17. Be3 fxe5 18. Nxd5 Qxb2 19. dxe5 Rd8 20. Bc4 b5 21. Bb3
Bb7 22. Qg4 Nd4 23. Nxe7+ Kf8 24. f5 Kxe7 25. f6+ Kf8 26. fxg7+ Kxg7 27. Rf7+
Kg8 28. Rxh7+ 1-0

[Event "TCh-FRA Top 12 2016"]
[Site "Drancy FRA"]
[Date "2016.06.01"]
[Round "5.6"]
[Board "4"]
[White "Bergez, Luc"]
[Black "Hamitevici, Vladimir"]
[Result "0-1"]
[WhiteTitle "IM"]
[BlackTitle "IM"]
[WhiteElo "2342"]
[BlackElo "2468"]
[WhiteTeam "EVRY Grand Roque"]
[BlackTeam "VANDOEUVRE Echecs"]
[WhiteFideId "606600"]
[BlackFideId "13902393"]
[EventDate "2016.05.28"]

1. e4 c5 2. Nf3 d6 3. Bc4 Nc6 4. O-O g6 5. h3 Bg7 6. c3 Nf6 7. d3 O-O 8. Bb3 Rb8
9. Be3 b5 10. Nbd2 e5 11. a4 b4 12. Re1 Na5 13. Ba2 Ba6 14. Nf1 h6 15. Ng3 Kh7
16. d4 cxd4 17. cxd4 b3 18. Bb1 Nc4 19. Bc1 exd4 20. Nxd4 Qb6 21. Nb5 Nd7 22.
Qxb3 Qa5 23. Qxc4 Qxe1+ 24. Qf1 Qb4 25. Qd1 Nc5 26. Bc2 Bxb5 27. axb5 Qxb5 28.
Rxa7 Bxb2 29. Be3 Qb6 30. Rd7 Rbd8 31. Qxd6 Qxd6 32. Rxd6 Rxd6 33. Bxc5 Rd2 34.
Bxf8 Rxc2 35. f4 Bd4+ 36. Kh2 Be3 37. Bd6 Rc1 38. h4 Rd1 39. Be5 Bg1+ 40. Kh3
Rd3 41. f5 h5 42. fxg6+ Kxg6 43. Bf4 Kf6 44. Bc7 Ke6 45. Bf4 f6 46. Bc7 Rb3 47.
Bf4 Kd7 48. Be5 Be3 0-1

[Event "TCh-FRA Top 12 2016"]
[Site "Drancy FRA"]
[Date "2016.06.01"]
[Round "5.6"]
[Board "5"]
[White "Brunner, Nicolas"]
[Black "Leroy, Didier"]
[Result "1-0"]
[WhiteTitle "IM"]
[BlackTitle "IM"]
[WhiteElo "2442"]
[BlackElo "2289"]
[WhiteTeam "VANDOEUVRE Echecs"]
[BlackTeam "EVRY Grand Roque"]
[WhiteFideId "620246"]
[BlackFideId "610950"]
[EventDate "2016.05.28"]

1. d4 Nf6 2. c4 e6 3. Nc3 Bb4 4. Nf3 O-O 5. e3 Re8 6. Bd3 d5 7. O-O b6 8. a3 Bf8
9. e4 dxe4 10. Nxe4 Bb7 11. Nxf6+ Qxf6 12. Bg5 Bxf3 13. Qd2 1-0

[Event "TCh-FRA Top 12 2016"]
[Site "Drancy FRA"]
[Date "2016.06.01"]
[Round "5.6"]
[Board "6"]
[White "Bernard, Jacques"]
[Black "Nezar, Mustapha"]
[Result "0-1"]
[BlackTitle "IM"]
[WhiteElo "2164"]
[BlackElo "2364"]
[WhiteTeam "EVRY Grand Roque"]
[BlackTeam "VANDOEUVRE Echecs"]
[WhiteFideId "616176"]
[BlackFideId "608637"]
[EventDate "2016.05.28"]

1. e4 c5 2. Nf3 e6 3. d4 cxd4 4. Nxd4 a6 5. Nc3 b5 6. g3 Bb7 7. Bg2 Nf6 8. O-O
b4 9. Na4 Bxe4 10. Bxe4 Nxe4 11. Re1 Nc5 12. Qf3 Ra7 13. Be3 Rc7 14. Nb6 Be7 15.
a3 b3 16. cxb3 O-O 17. Bf4 Rb7 18. Nc4 d5 19. Ne5 Bf6 20. Rac1 Qb6 21. b4 Ne4
22. Nb3 Nd7 23. Nxd7 Rxd7 24. Rc2 e5 25. Be3 Qb5 26. Nc5 Nxc5 27. Rxc5 Qb7 28.
Rd1 e4 29. Qf5 d4 30. Bg5 Bxg5 31. Qxg5 d3 32. Qe5 Re7 33. Qd4 Rfe8 34. Qe3 g6
35. h4 Qd7 36. Kg2 Rd8 37. h5 Qd4 38. Qxd4 Rxd4 39. hxg6 hxg6 40. Rc3 Re6 41. b3
Kg7 42. Rc4 Rd7 43. g4 f5 44. Kg3 Kf6 45. Rc5 Rd4 46. gxf5 gxf5 47. b5 axb5 48.
Rxb5 f4+ 0-1

[Event "TCh-FRA Top 12 2016"]
[Site "Drancy FRA"]
[Date "2016.06.01"]
[Round "5.6"]
[Board "7"]
[White "Philippe, Christophe"]
[Black "Marchand, Francois"]
[Result "1/2-1/2"]
[WhiteTitle "IM"]
[BlackTitle "FM"]
[WhiteElo "2386"]
[BlackElo "2218"]
[WhiteTeam "VANDOEUVRE Echecs"]
[BlackTeam "EVRY Grand Roque"]
[WhiteFideId "610038"]
[BlackFideId "603295"]
[EventDate "2016.05.28"]

1. d4 d5 2. Nf3 Nf6 3. e3 e6 4. Bd3 c5 5. b3 Nbd7 6. O-O Bd6 7. Bb2 Qc7 8. c4
dxc4 9. bxc4 O-O 10. Nc3 a6 11. d5 exd5 12. Nxd5 Nxd5 13. cxd5 Re8 14. Qa4 b5
15. Qh4 h6 16. a4 Rb8 17. axb5 axb5 18. Rfc1 Qd8 19. Qh3 Ne5 20. Bf5 Nd3 21.
Rcb1 Nxb2 22. Bxc8 Qxc8 23. Rxb2 Qxh3 24. gxh3 Be5 25. Nxe5 Rxe5 26. Ra5 Rxd5 1/2-1/2

[Event "TCh-FRA Top 12 2016"]
[Site "Drancy FRA"]
[Date "2016.06.01"]
[Round "5.6"]
[Board "8"]
[White "Ben Khelifa, Noomene"]
[Black "Steil-Antoni, Fiona"]
[Result "1/2-1/2"]
[BlackTitle "WIM"]
[WhiteElo "2066"]
[BlackElo "2185"]
[WhiteTeam "EVRY Grand Roque"]
[BlackTeam "VANDOEUVRE Echecs"]
[WhiteFideId "641995"]
[BlackFideId "4001249"]
[EventDate "2016.05.28"]

1. d4 e6 2. Nc3 f5 3. e4 fxe4 4. Nxe4 Nf6 5. Bg5 Be7 6. Bxf6 Bxf6 7. Qh5+ g6 8.
Qh6 Nc6 9. Nf3 Qe7 10. Nxf6+ Qxf6 11. O-O-O Ne7 12. Bd3 d6 13. Rhe1 Bd7 14. Be4
O-O-O 15. Qd2 Bc6 16. Ng5 d5 17. Bf3 Rd6 18. Bg4 Bd7 19. Kb1 h6 20. Nf3 g5 21.
Ne5 h5 22. Be2 Nf5 23. g3 Ng7 24. f4 g4 25. Bd3 Be8 26. Qa5 a6 27. Re3 Rb6 28.
Be2 Nf5 29. Rc3 Kb8 30. Rb3 Rxb3 31. axb3 Qe7 32. Bd3 Nxd4 33. Bxa6 Nc6 34. Qb5
Nd8 35. Qa5 1/2-1/2

[Event "TCh-FRA Top 12 2016"]
[Site "Drancy FRA"]
[Date "2016.06.02"]
[Round "6.1"]
[Board "1"]
[White "Mista, Aleksander"]
[Black "Gharamian, Tigran"]
[Result "1/2-1/2"]
[WhiteTitle "GM"]
[BlackTitle "GM"]
[WhiteElo "2593"]
[BlackElo "2627"]
[WhiteTeam "Echecs Club MONTPELLIER"]
[BlackTeam "NICE Alekhine"]
[WhiteFideId "1110381"]
[BlackFideId "13301527"]
[EventDate "2016.05.28"]

1. e4 e5 2. Nf3 Nc6 3. Bb5 Nf6 4. d3 Bc5 5. Nc3 O-O 6. Bg5 h6 7. Bh4 d6 8. Qd2
Be6 9. O-O Nd4 10. Nxd4 exd4 11. Bxf6 Qxf6 12. Ne2 d5 13. Ng3 a5 14. Ba4 Bb4 15.
Qe2 dxe4 16. Nxe4 Qg6 17. a3 Be7 18. f4 f5 19. Nd2 Bd5 20. Bb3 Bxb3 21. cxb3
Rfe8 22. Qf3 c6 23. Nc4 Bd6 24. Rae1 Bc7 1/2-1/2

[Event "TCh-FRA Top 12 2016"]
[Site "Drancy FRA"]
[Date "2016.06.02"]
[Round "6.1"]
[Board "2"]
[White "Wagner, Dennis"]
[Black "Fier, Alexandr"]
[Result "1/2-1/2"]
[WhiteTitle "GM"]
[BlackTitle "GM"]
[WhiteElo "2571"]
[BlackElo "2624"]
[WhiteTeam "NICE Alekhine"]
[BlackTeam "Echecs Club MONTPELLIER"]
[WhiteFideId "24650684"]
[BlackFideId "2107139"]
[EventDate "2016.05.28"]

1. d4 Nf6 2. c4 g6 3. Nc3 Bg7 4. e4 O-O 5. Nf3 d6 6. Be2 e5 7. Be3 Ng4 8. Bg5 f6
9. Bh4 g5 10. Bg3 Nh6 11. dxe5 fxe5 12. h4 g4 13. Ng5 Nc6 14. c5 Nd4 15. cxd6
Qxd6 16. Nb5 Qb4+ 17. Qd2 Nc2+ 18. Kd1 Qxd2+ 19. Kxd2 Nxa1 20. Bc4+ Kh8 21. Nxc7
Rd8+ 22. Bd5 Rb8 23. Rxa1 Bf6 24. Rf1 Bd7 25. f4 gxf3 26. Rxf3 Bxg5+ 27. hxg5
Ng4 28. Ke2 Rbc8 29. Rc3 Bc6 30. Bxc6 bxc6 31. Kf3 Rxc7 1/2-1/2

[Event "TCh-FRA Top 12 2016"]
[Site "Drancy FRA"]
[Date "2016.06.02"]
[Round "6.1"]
[Board "3"]
[White "Smith, Axel"]
[Black "Rambaldi, Francesco"]
[Result "1/2-1/2"]
[WhiteTitle "GM"]
[BlackTitle "GM"]
[WhiteElo "2499"]
[BlackElo "2554"]
[WhiteTeam "Echecs Club MONTPELLIER"]
[BlackTeam "NICE Alekhine"]
[WhiteFideId "1707930"]
[BlackFideId "20657307"]
[EventDate "2016.05.28"]

1. c4 e5 2. Nc3 Nf6 3. Nf3 Nc6 4. e3 Bb4 5. Qc2 O-O 6. Nd5 Be7 7. a3 d6 8. Bd3
h6 9. O-O Nxd5 10. cxd5 Nb8 11. b4 Nd7 12. Bb2 Nf6 13. Bc4 Bg4 14. d4 Bxf3 15.
gxf3 exd4 16. Bxd4 Nd7 17. Qc3 Bf6 18. Bxf6 Qxf6 19. Qxf6 Nxf6 20. Rfc1 a5 21.
e4 Rfe8 22. Bf1 Re7 23. b5 b6 24. Rc4 Nh5 25. Rac1 Ra7 26. Be2 Nf4 27. Kf1 g5
28. Ke1 Kg7 29. Kd2 Kf8 30. Rh1 Nh3 31. Bf1 Nf4 32. h4 Kg7 33. hxg5 hxg5 34. Bh3
Ra8 35. Bf5 Rh8 36. Rxh8 Kxh8 37. Kc3 Kg7 38. Kd4 Ng2 39. Bg4 Nh4 40. Rc3 Kg6
41. Re3 Kg7 42. Rc3 Ng6 43. Rc2 Nf4 44. Rd2 Kf6 45. Rb2 Kg7 46. Rd2 Ng6 47. Rc2
Kf6 48. Rc1 Nf4 49. Rc2 Kg6 50. Rd2 Ng2 51. Rd3 Kh6 52. Rd1 Nf4 1/2-1/2

[Event "TCh-FRA Top 12 2016"]
[Site "Drancy FRA"]
[Date "2016.06.02"]
[Round "6.1"]
[Board "4"]
[White "Palac, Mladen"]
[Black "Flear, Glenn C"]
[Result "1-0"]
[WhiteTitle "GM"]
[BlackTitle "GM"]
[WhiteElo "2577"]
[BlackElo "2452"]
[WhiteTeam "NICE Alekhine"]
[BlackTeam "Echecs Club MONTPELLIER"]
[WhiteFideId "14500116"]
[BlackFideId "400165"]
[EventDate "2016.05.28"]

1. e4 e5 2. Nf3 Nc6 3. Bc4 Bc5 4. d3 Nf6 5. O-O d6 6. c3 a6 7. a4 Ba7 8. Na3 h6
9. Nc2 Be6 10. Bxe6 fxe6 11. Be3 Bxe3 12. Nxe3 O-O 13. Qb3 Qd7 14. Nd2 b5 15.
axb5 axb5 16. Rxa8 Rxa8 17. Qxb5 Rb8 18. Qa4 Rxb2 19. Nb3 Nd4 20. Qa8+ Kh7 21.
Nxd4 exd4 22. cxd4 Qb5 23. e5 Nd5 24. Nxd5 exd5 25. Qa1 Re2 26. Qb1 Qa5 27. exd6
cxd6 28. Qb3 Re1 29. Qb2 Re6 30. g3 Qa4 31. Kg2 Re8 32. Ra1 Qd7 33. Ra5 Qf5 34.
Qd2 Rb8 35. Qe2 Rb3 36. g4 Qf7 37. h4 h5 38. g5 Kg6 39. Ra6 Qd7 40. Qf3 Rb8 41.
Qf4 Rd8 42. Kh2 Qe6 43. Qe5 Qxe5+ 44. dxe5 Kf5 45. Rxd6 Rxd6 46. exd6 Ke6 47. f4
Kxd6 48. f5 Ke5 49. f6 gxf6 50. g6 Ke6 51. Kg3 Ke7 52. Kf4 Kf8 53. Kf5 Kg7 54.
d4 Kh6 55. Ke6 Kxg6 56. Kxd5 Kf7 57. Kd6 f5 58. Ke5 Kg6 59. d5 f4 60. Kxf4 Kf6
61. Ke4 Ke7 62. Kf5 Kd6 63. Kg5 Kxd5 64. Kxh5 Ke6 65. Kg6 Ke7 66. Kg7 1-0

[Event "TCh-FRA Top 12 2016"]
[Site "Drancy FRA"]
[Date "2016.06.02"]
[Round "6.1"]
[Board "5"]
[White "Libiszewski, Fabien"]
[Black "Stevic, Hrvoje"]
[Result "1/2-1/2"]
[WhiteTitle "GM"]
[BlackTitle "GM"]
[WhiteElo "2533"]
[BlackElo "2607"]
[WhiteTeam "Echecs Club MONTPELLIER"]
[BlackTeam "NICE Alekhine"]
[WhiteFideId "616834"]
[BlackFideId "14502569"]
[EventDate "2016.05.28"]

1. e4 e5 2. Nf3 Nc6 3. Nc3 Nf6 4. Bb5 Bd6 5. d3 a6 6. Bxc6 dxc6 7. h3 Be6 8. Ne2
Qe7 9. Bd2 c5 10. Bc3 Nd7 11. Qd2 f6 12. Nh4 Nb8 13. Nf5 Qd7 14. Nxd6+ cxd6 15.
f4 Nc6 16. O-O O-O 17. a3 1/2-1/2

[Event "TCh-FRA Top 12 2016"]
[Site "Drancy FRA"]
[Date "2016.06.02"]
[Round "6.1"]
[Board "6"]
[White "Sulava, Nenad"]
[Black "Touzane, Olivier"]
[Result "0-1"]
[WhiteTitle "GM"]
[BlackTitle "IM"]
[WhiteElo "2416"]
[BlackElo "2308"]
[WhiteTeam "NICE Alekhine"]
[BlackTeam "Echecs Club MONTPELLIER"]
[WhiteFideId "14500205"]
[BlackFideId "602906"]
[EventDate "2016.05.28"]

1. d4 Nf6 2. Nf3 g6 3. Nc3 Bg7 4. Bf4 d5 5. e3 O-O 6. Be2 c5 7. dxc5 Nbd7 8. h3
Nxc5 9. O-O b6 10. a4 a6 11. Qb1 Bb7 12. Qa2 e6 13. Rfd1 Qe7 14. Rac1 Rfc8 15.
Bh2 Bf8 16. Bf1 b5 17. axb5 axb5 18. Qb1 b4 19. Nb5 Nfe4 20. Ne5 Qh4 21. g3 Qf6
22. Ng4 Qh8 23. f3 h5 24. Nf2 Nxf2 25. Kxf2 Qf6 26. Be2 e5 27. Kg1 Bh6 28. f4 d4
29. exd4 Qc6 30. d5 Qb6 31. Kg2 exf4 32. c4 bxc3 33. Nxc3 fxg3 34. Bxg3 Bxc1 35.
Qxc1 Ne4 36. Bf3 Rxc3 0-1